Szczegóły MARC21

Nauka i życie religijne : studjum psycho-fizjologiczne /

003 -Nazwa inst., której nr kontr. jest w polu 001 [,]
    • @
    • Nazwa instytucji, której n kontrolny jest w polu 001
    • NUKAT
005 -DATA I CZAS OSTATNIEJ MODYFIKACJI [,]
    • @
    • pole kontrolne
    • 20241231102602.0
040 -Instytucja sporządzająca opis [ , ]
    • a
    • Instytucja, która sporządziła opis (NP)
    • KR 295/AD
    • c
    • Instytucja, która sporządziła rekord (NP)
    • KR 295/ADs
    • d
    • Instytucja, która zmodyfikowała rekord (P)
    • KR 295/DGR
942 -Rodzaj dokumentu [ , ]
    • c
    • Rodzaj dokumentu
    • Książka
100 -Hasło główne - nazwa osobowa [1, ]
    • a
    • Nazwa osobowa (NP)
    • Rahn, Carl Leo
    • d
    • Daty biograficzne (NP)
    • (1881- ).
    • 9
    • KHW
    • 543306
245 -Strefa tytułu i oznaczenia odpowiedzialności [1,0]
    • a
    • Tytuł
    • Nauka i życie religijne : Find
    • b
    • Ciąg dalszy tytułu (NP)
    • studjum psycho-fizjologiczne / Find
    • c
    • Pozostałe elementy strefy tytułu i oznaczenia odpowiedzialności (NP)
    • Carl Rahn ; z oryg. ang. tł. Władysław Okiński ; przedm. napisał Stefan Błachowski.
260 -Strefa adresu wydawniczego [ , ]
    • a
    • Miejsce wydania (P)
    • Poznań :
    • b
    • Nazwa wydawcy (P)
    • Skład główny w Księgarni Gebethnera i Wolfa w Warszawie,
    • c
    • Data wydania (P)
    • 1932
    • e
    • Miejsce druku (NP)
    • (Poznań :
    • f
    • Nazwa drukarni (P)
    • Rolnicza Drukarnia i Księgarnia Nakładowa Sp. z ogr. odp.).
300 -Strefa opisu fizycznego [ , ]
    • a
    • Określenie formy książki i/lub objętość (NP)
    • XV, [1], 174 s. ;
    • c
    • Format (NP)
    • 25 cm.
336 -Typ zawartości [ , ]
    • a
    • Termin opisujący typ zawartości
    • Tekst
    • b
    • Kod określający zawartość
    • txt
    • 2
    • Źródło (terminu i kodu)
    • rdacontent
337 -Typ mediów [ , ]
    • a
    • Tryb odtwarzania
    • Bez urządzenia pośredniczącego
    • b
    • Kod typu mediów
    • n
    • 2
    • Źródło (terminu i kodu)
    • rdamedia
338 -Typ/rodzaj nośnika [ , ]
    • a
    • Hasło opisujące typ nośnika
    • Wolumin
    • b
    • Kod typu nośnika
    • nc
    • 2
    • Źródło (terminu i kodu)
    • rdacarrier
080 -Uniwersalna Klasyfikacja Dziesiętna [ , ]
    • a
    • Symbol klasyfikacji
    • 24
    • 9
    • UKD
    • 2533
    • 2
    • Identyfikator wydania tablic
    • UDC-P058
    • b
    • Dopowiedzenie
    • Buddyzm.
080 -Uniwersalna Klasyfikacja Dziesiętna [ , ]
    • a
    • Symbol klasyfikacji
    • :291
650 -Hasło przedmiotowe [ ,7]
    • a
    • Hasło przedmiotowe
    • Psychologia religii.
    • 2
    • Źródło terminu
    • kaba
    • 9
    • KHW
    • 126980
650 -Hasło przedmiotowe [ ,7]
    • a
    • Hasło przedmiotowe
    • Religia i nauka.
    • 2
    • Źródło terminu
    • kaba
    • 9
    • KHW
    • 127724
980 -Symbol UKD [ , ]
    • a
    • UKD
    • 24:291
700 -Hasło dodatkowe - nazwa osobowa [1, ]
    • a
    • Nazwa osobowa (NP)
    • Okiński, Władysław. Find
    • e
    • Określenie rodzaju współpracy
    • Tł.
    • 9
    • KHW
    • 543307
700 -Hasło dodatkowe - nazwa osobowa [1, ]
    • a
    • Nazwa osobowa (NP)
    • Błachowski, Stefan Find
    • d
    • Daty biograficzne (NP)
    • (1889-1962).
    • e
    • Określenie rodzaju współpracy
    • Przedm.
    • 9
    • KHW
    • 231463
Numer inwentarzowy Status udost. Lokalizacja Data inwentaryzacji
Pd.104341BG1997-12-02
F.13161BNS1997-12-02